1322 1162 1322 1899 1157 1123 1736 1559 1211 1348 1256 1217 1153 1208 1687 1393 1355 1446 1046 1168 1753 1413 1366 1879 1569 1787 1898 1004 1379 1580 1125 1075 1528 1156 1866 1779 1617 1106 1164 1560 1211 1558 1351 1159 1776 1797 1713 1380 1394 1817 1863 1878 1787 1463 1968 1685 1370 1287 1806 1452 1186 1481 1121 1141 1399 1774 1552 1741 1635 1291 1226 1781 1218 1317 1515 1604 1018 1601 1947 1655 1699 1607 1080 1591 1552 1317 1857 1374 1166 1098 1461 1382 1788 1620 1726 1080 1705 1676 1035 BCNSPRNW ULIB Ver.6.0+V

เปลี่ยนเป็นภาษาไทย

Change to English
 แสดงรายละเอียดบรรณานุกรม
  กลับหน้าหลัก

Brief Record : Get Marc (ISO 2709) : E-mail record : QR code < ปิดหน้าต่าง
LEADER : 00000nam 2200000uu 4500
001    13399111036
003     ULIB
008    110615s||||||||th 000 0 tha d
020    9749058518
050  4 BF323.C5^bว321ท 2545
100 1  ฮาร์เรล,คีธ
245 10 ทัศนคติ :^bเจตคติ เต็ม 100 = Attitude is everything /^cโดย Keith Harrel ; แปลและเรียบเรียงโดย วราภรณ์ สืบสหการ
246 31 Attitude is everything
250    พิมพ์ครั้งที่ 1
260    กรุงทพฯ :^bเอ็กซเปอร์เน็ท,^c2545
300    281 หน้า ;^c21 ซม.
650  7 ทัศนคติ
700 0  วราภรณ์ สืบสหการ,^eผู้แปล
700 1  Herrel, Keith
945    ^p230^l0^i015541
945    ^p230^l0^i015540
945    ^p230^l0^i015539
995    ทศพร
999 ^a ใช้งานได้ทุกระบบ
รายการนี้ยังไม่มีแท็ก
คุณยังไม่ได้ล็อกอิน คุณสามารถมีกิจกรรมร่วมกับเว็บไซต์ได้ แต่ต้องล็อกอินก่อน ::
  ล็อกอิน

รายการสื่อสารสนเทศ

ลำดับที่ ประเภท เลขเรียก/บาร์โค้ด สถานที่ สถานะ
- ไม่พบข้อมูล -

รายการใกล้เคียง
    หัวเรื่อง [ทัศนคติ]

BibComment


ยังไม่เคยถูกคอมเมนท์

คอมเมนท์ทรัพยากรรายการนี้
  คอมเมนท์: ทัศนคติ เจตคติ เ..


 Copyright 2026. Bcnsprnw @Library